Najwięksi dyktatorzy Europy - Statystyki

Ogólne statystyki
  • Ten quiz został rozwiązany 80 razy
  • Średni wynik to 7 z 47
Statystyki odpowiedzi
Państwo Postać % Poprawnych
Niemcy Adolf Hitler
93%
Rosja Józef Stalin
82%
Włochy Benito Mussolini
65%
Polska Wojciech Jaruzelski
50%
Białoruś Aleksandr Łukaszenka
49%
Hiszpania Francisco Franco
46%
Słowenia Josip Broz Tito
34%
Albania Enver Hodża
26%
Francja Napoleon Bonaparte
26%
Watykan Jan XII
24%
Belgia Leopold II
22%
Portugalia Antonio Salazar
21%
Rumunia Nicolae Ceausescu
21%
Słowacja Jozef Tiso
19%
Serbia Slobodan Milosevic
19%
Węgry Miklos Horthy
18%
Finlandia Carl Gustaf Mannerheim
16%
Kazachstan Nursułtan Nazarbajew
15%
Chorwacja Ante Pavelic
13%
Bośnia i Hercegowina Radovan Karadzic
12%
Norwegia Vidkun Quisling
12%
Litwa Antanas Smetona
9%
Austria Engelbert Dollfuss
7%
Bułgaria Todor Żiwkow
7%
Ukraina Wiktor Janukowycz
7%
Czechy Gustav Husak
4%
Kosowo Ibrahim Rugova
4%
Grecja Joanis Metaksas
3%
Irlandia Michael Collins
3%
Wielka Brytania Oliwer Cromwell
3%
Holandia Arthur Seyss-Inquart
1%
Dania Chrystian II
1%
Islandia Chrystian III Oldenburski
1%
Szwecja Eryk XIV
1%
Liechtenstein Franciszek Wilhelm I
1%
Łotwa Karlis Ulmanis
1%
Szwajcaria Leopold I Habsburg
1%
Czarnogóra Milo Dukanovic
1%
Turcja Abdulhamid II
0%
Andora Boris Skosyriew
0%
San Marino Cezar Borgia
0%
Estonia Eduard Pall
0%
Luksemburg Franciszek I Walezjusz
0%
Malta Jean de la Valette
0%
Monako Karol III Grimaldi
0%
Macedonia Północna Nikoła Gruewski
0%
Mołdawia Vladimir Plahotniuc
0%
Nie znaleziono quizów pasujących do podanych kryteriów
Rozkład punktacji
Procent ludzi z każdym wynikiem
Percentyl według liczby udzielonych odpowiedzi
Twoja historia wyników
Nie rozwiązałeś tego quizu